000
00298nam a2200121Ia 4500
008
231106s2020 xx 000 0 und d
041
_a
eng
082
_a
751.422
100
_a
ANNA MASONS
245
_a
DICTIONARY OF GRAPHIC DESIGN AND DESIGNERS
260
_b
SEARCH PRESS
_c
2020
300
_a
P-144
999
_c
920210
_d
920210